| 000 | 00606nam a2200181 4500 | ||
|---|---|---|---|
| 001 | 116766 | ||
| 003 | ES-MaACL | ||
| 005 | 20230906190750.0 | ||
| 007 | t| | ||
| 008 | 061121s1960 ag r ||||1| spa d | ||
| 100 | 1 |
_aPauwels, Louis. _989674 |
|
| 245 | 1 | 3 |
_aEl retorno de los brujos _b: introducción al realismo fantástico / _cLouis Pauwels y Jacques Bergier ; traducción de J. Ferrer Aleu. |
| 260 |
_aBuenos Aires [etc.] : _bPlaza & Janés, _c1960. |
||
| 300 |
_a484 p. ; _c25 cm. |
||
| 700 | 1 |
_aBergier, Jacques. _927989 |
|
| 700 | 1 |
_aFerrer Aleu, J. _950442 |
|
| 852 |
_aES-MaACL _jC-20501 _bR.48452 |
||
| 999 |
_c116766 _d116766 |
||